000 00303nam a2200133Ia 4500
005 20251222143209.0
008 251222s9999||||xx |||||||||||||| ||spa||
020 _a9789974544014
082 _a577.789/I59
245 0 _aGuía del Mundo
250 _a1ra.ed.
264 _bAlfaomega, S.L.
942 _cLIB
999 _c13384
_d13384